Basic Concepts of Legal Research Methods / (Record no. 613945)
[ view plain ]
| 000 -LEADER | |
|---|---|
| fixed length control field | 00321nam a22001217a 4500 |
| 082 ## - DEWEY DECIMAL CLASSIFICATION NUMBER | |
| Classification number | 340.072 |
| Author Mark | SAM |
| 100 ## - MAIN ENTRY--PERSONAL NAME | |
| Personal name | Sami Ur Rahman |
| 245 ## - TITLE STATEMENT | |
| Title | Basic Concepts of Legal Research Methods / |
| Statement of responsibility, etc. | Sami Ur Rahman |
| 260 ## - PUBLICATION, DISTRIBUTION, ETC. | |
| Place of publication, distribution, etc. | Rawalpindi: |
| Name of publisher, distributor, etc. | Federal Law House, |
| Date of publication, distribution, etc. | N.A. |
| 300 ## - PHYSICAL DESCRIPTION | |
| Extent | 215 p. |
| 563 ## - BINDING INFORMATION | |
| Binding note | PB. |
| 942 ## - ADDED ENTRY ELEMENTS (KOHA) | |
| Source of classification or shelving scheme | |
| Koha item type | Book |
| Withdrawn status | Lost status | Source of classification or shelving scheme | Damaged status | Not for loan | Permanent Location | Current Location | Date acquired | Source of acquisition | Total Checkouts | Full call number | Barcode | Date last seen | Price effective from | Koha item type |
|---|---|---|---|---|---|---|---|---|---|---|---|---|---|---|
| NUST Law School (NLS) | NUST Law School (NLS) | 06/27/2025 | Allied Book Company | 340.072 SAM | NLS-2240 | 06/27/2025 | 06/27/2025 | Book | ||||||
| NUST Law School (NLS) | NUST Law School (NLS) | 06/27/2025 | Allied Book Company | 340.072 SAM | NLS-2241 | 06/27/2025 | 06/27/2025 | Book | ||||||
| NUST Law School (NLS) | NUST Law School (NLS) | 06/27/2025 | Allied Book Company | 340.072 SAM | NLS-2242 | 06/27/2025 | 06/27/2025 | Book | ||||||
| NUST Law School (NLS) | NUST Law School (NLS) | 06/27/2025 | Allied Book Company | 340.072 SAM | NLS-2243 | 06/27/2025 | 06/27/2025 | Book |
